<?xml version="1.0" encoding="UTF-8"?>
<record
    xmlns:xsi="http://www.w3.org/2001/XMLSchema-instance"
    xsi:schemaLocation="http://www.loc.gov/MARC21/slim http://www.loc.gov/standards/marcxml/schema/MARC21slim.xsd"
    xmlns="http://www.loc.gov/MARC21/slim">

  <leader>01465cam a2200325Ia 4500</leader>
  <controlfield tag="001">STB034369 STB035477</controlfield>
  <controlfield tag="003">OCoLC</controlfield>
  <controlfield tag="005">20150127091432.0</controlfield>
  <controlfield tag="008">130206s2014    moua     b    001 0 eng d</controlfield>
  <datafield tag="015" ind1=" " ind2=" ">
    <subfield code="a">GBB312996</subfield>
    <subfield code="2">bnb</subfield>
  </datafield>
  <datafield tag="020" ind1=" " ind2=" ">
    <subfield code="a">9780323083300 (hbk.)</subfield>
  </datafield>
  <datafield tag="020" ind1=" " ind2=" ">
    <subfield code="a">9789814371421</subfield>
  </datafield>
  <datafield tag="040" ind1=" " ind2=" ">
    <subfield code="a">UKMGB</subfield>
    <subfield code="b">eng</subfield>
    <subfield code="c">UKMGB</subfield>
    <subfield code="d">OCLCO</subfield>
    <subfield code="d">VET</subfield>
    <subfield code="d">TMY</subfield>
    <subfield code="d">IUD</subfield>
    <subfield code="d">YDXCP</subfield>
    <subfield code="d">TXI</subfield>
  </datafield>
  <datafield tag="050" ind1=" " ind2=" ">
    <subfield code="a">QR 67</subfield>
    <subfield code="b">.T462 2014</subfield>
  </datafield>
  <datafield tag="100" ind1="1" ind2=" ">
    <subfield code="a">Tille, Patricia M.</subfield>
  </datafield>
  <datafield tag="245" ind1="1" ind2="0">
    <subfield code="a">Bailey &amp; Scott's diagnostic microbiology /</subfield>
    <subfield code="c">Patricia M. Tille.</subfield>
  </datafield>
  <datafield tag="250" ind1=" " ind2=" ">
    <subfield code="a">13th ed.</subfield>
  </datafield>
  <datafield tag="260" ind1=" " ind2=" ">
    <subfield code="a">St. Louis :</subfield>
    <subfield code="b">Elsevier Mosby,</subfield>
    <subfield code="c">c2014.</subfield>
  </datafield>
  <datafield tag="300" ind1=" " ind2=" ">
    <subfield code="a">xii, 1038 pages :</subfield>
    <subfield code="b">illustrations (chiefly color) ;</subfield>
    <subfield code="c">29 cm.</subfield>
  </datafield>
  <datafield tag="500" ind1=" " ind2=" ">
    <subfield code="a">Previous edition: published by Betty A. Forbes, Daniel F. Sahm and Alice S. Weissfeld. 2007.</subfield>
  </datafield>
  <datafield tag="504" ind1=" " ind2=" ">
    <subfield code="a">Includes bibliographical references and index.</subfield>
  </datafield>
  <datafield tag="505" ind1="0" ind2=" ">
    <subfield code="a">pt. I. Basic medical microbiology -- pt. II. General principles in clinical microbiology -- pt. III. Bacteriology -- pt. IV. Parasitology -- pt. V. Mycology -- pt. VI. Virology -- pt. VII. Diagnosis by organ system -- pt. VIII. Clinical laboratory management.</subfield>
  </datafield>
  <datafield tag="650" ind1=" " ind2="0">
    <subfield code="a">Diagnostic microbiology</subfield>
    <subfield code="v">Textbooks.</subfield>
  </datafield>
  <datafield tag="650" ind1=" " ind2=" ">
    <subfield code="a">Microbiological Techniques.</subfield>
  </datafield>
  <datafield tag="650" ind1=" " ind2=" ">
    <subfield code="a">Diagnostic Techniques and Procedures.</subfield>
  </datafield>
  <datafield tag="700" ind1="1" ind2=" ">
    <subfield code="a">Bailey, W. Robert</subfield>
    <subfield code="q">(William Robert),</subfield>
    <subfield code="d">1917-</subfield>
    <subfield code="t">Diagnostic microbiology.</subfield>
  </datafield>
  <datafield tag="740" ind1=" " ind2=" ">
    <subfield code="a">Bailey and Scott's diagnostic microbiology.</subfield>
  </datafield>
  <datafield tag="740" ind1=" " ind2=" ">
    <subfield code="a">Diagnostic microbiology.</subfield>
  </datafield>
  <datafield tag="942" ind1=" " ind2=" ">
    <subfield code="2">lcc</subfield>
    <subfield code="c">BK</subfield>
  </datafield>
  <datafield tag="999" ind1=" " ind2=" ">
    <subfield code="c">278732</subfield>
    <subfield code="d">278732</subfield>
  </datafield>
  <datafield tag="952" ind1=" " ind2=" ">
    <subfield code="0">0</subfield>
    <subfield code="1">0</subfield>
    <subfield code="4">0</subfield>
    <subfield code="a">SSLC</subfield>
    <subfield code="b">SSLC</subfield>
    <subfield code="c">SSLC</subfield>
    <subfield code="d">2014-05-30</subfield>
    <subfield code="g">9196.00</subfield>
    <subfield code="l">11</subfield>
    <subfield code="m">69</subfield>
    <subfield code="o">QR 67 .T462 2014</subfield>
    <subfield code="p">SSLC1357</subfield>
    <subfield code="r">2018-10-23 00:00:00</subfield>
    <subfield code="s">2018-08-03</subfield>
    <subfield code="w">2014-05-30</subfield>
    <subfield code="y">BK</subfield>
  </datafield>
  <datafield tag="952" ind1=" " ind2=" ">
    <subfield code="0">0</subfield>
    <subfield code="1">0</subfield>
    <subfield code="2">lcc</subfield>
    <subfield code="4">0</subfield>
    <subfield code="a">SSLC</subfield>
    <subfield code="b">SSLC</subfield>
    <subfield code="c">SSLC</subfield>
    <subfield code="d">2015-01-27</subfield>
    <subfield code="e">Library Fund</subfield>
    <subfield code="l">12</subfield>
    <subfield code="m">69</subfield>
    <subfield code="o">QR 67 .T462 2014</subfield>
    <subfield code="p">SSLC1385</subfield>
    <subfield code="r">2019-02-20 00:00:00</subfield>
    <subfield code="s">2019-01-16</subfield>
    <subfield code="w">2015-01-27</subfield>
    <subfield code="y">BK</subfield>
  </datafield>
</record>
